000
00263nam a2200109Ia 4500
008
190216s9999||||xx |||||||||||||| ||und||
100
_a
Mahaswari P & Manohar Lala
245
0
_a
Jeevashashthram
260
_b
Bhasha Institute
650
_a
Zoology
942
_c
BK
999
_c
39648
_d
39648